Nebraska Cities A-Z - Statistics

General Stats
  • This quiz has been taken 96 times
    65 since last reset
  • The average score is 9 of 11
Answer Stats
Population Municipality or CDP % Correct
L 291,082 Lincoln
100%
O 486,051 Omaha
100%
G 53,131 Grand Island
93%
K 33,790 Kearney
93%
B 64,176 Bellevue
84%
H 25,152 Hastings
84%
N 24,955 Norfolk
79%
F 27,141 Fremont
75%
S 14,436 Scottsbluff
75%
C 24,028 Columbus
71%
P 24,159 Papillion
70%
No matching quizzes found
Score Distribution
Percent of People with Each Score
Percentile by Number Answered
Your Score History
You have not taken this quiz since the last reset